Statistics for Prime Ministers of Turkey

Click here to take the quiz!

General Stats

  • This quiz has been taken 9 times
  • The average score is 23 of 38

Answer Stats

TermPartyPrime Minister% Correct
1923–1924Republican People's Partyİsmet İnönü
100%
2002–2003Justice and Development PartyAbdullah Gül
88%
1950–1960Democrat PartyAdnan Menderes
88%
1999–2002Democratic Left PartyBülent Ecevit
88%
2003–2014Justice and Development PartyRecep Tayyip Erdoğan
88%
2014–2016Justice and Development PartyAhmet Davutoğlu
75%
2016–2018Justice and Development PartyBinali Yıldırım
75%
1996–1997Welfare PartyNecmettin Erbakan
75%
1991–1993True Path PartySüleyman Demirel
75%
1978–1979Republican People's PartyBülent Ecevit
63%
1977Republican People's PartyBülent Ecevit
63%
1937–1939Republican People's PartyCelal Bayar
63%
1925–1937Republican People's Partyİsmet İnönü
63%
1961–1965Republican People's Partyİsmet İnönü
63%
1997–1999Motherland PartyMesut Yılmaz
63%
1996Motherland PartyMesut Yılmaz
63%
1991Motherland PartyMesut Yılmaz
63%
1942–1946Republican People's PartyŞükrü Saraçoğlu
63%
1979–1980Justice PartySüleyman Demirel
63%
1977–1978Justice PartySüleyman Demirel
63%
1975–1977Justice PartySüleyman Demirel
63%
1965–1971Justice PartySüleyman Demirel
63%
1993–1996True Path PartyTansu Çiller
63%
1983–1989Motherland PartyTurgut Özal
63%
1974Republican People's PartyBülent Ecevit
50%
1947–1949Republican People's PartyHasan Saka
50%
1946–1947Republican People's PartyRecep Peker
50%
1939–1942Republican People's PartyRefik Saydam
50%
1989–1991Motherland PartyYıldırım Akbulut
50%
1980–1983Military JuntaBülend Ulusu
38%
1960–1961Military JuntaCemal Gürsel
38%
1924–1925Republican People's PartyFethi Okyar
38%
1973–1974IndependentNaim Talu
38%
1971–1972IndependentNihat Erim
38%
1949–1950Republican People's PartyŞemsettin Günaltay
38%
1965IndependentSuat Hayri Ürgüplü
38%
1972–1973Republican Reliance PartyFerit Melen
25%
1974–1975IndependentSadi Irmak
25%

Score Distribution

Percentile by Number Answered

Percent of People with Each Score

Your Score History

You have not taken this quiz